ARRUPE JESUIT UNIVERSITY

CORONAVIRUS -STOP THE SPREAD - CLEAN,DISINFECT,COVER

The transformation of the world : (Record no. 128673)

MARC details
000 -LEADER
fixed length control field 01422cam a22003374i 4500
001 - CONTROL NUMBER
control field 17789541
003 - CONTROL NUMBER IDENTIFIER
control field ARRUPE
005 - DATE AND TIME OF LATEST TRANSACTION
control field 20181129121540.0
008 - FIXED-LENGTH DATA ELEMENTS--GENERAL INFORMATION
fixed length control field 130624s2014 nju b 001 0 eng
010 ## - LIBRARY OF CONGRESS CONTROL NUMBER
LC control number 2013025754
020 ## - INTERNATIONAL STANDARD BOOK NUMBER
International Standard Book Number 9780691147451 (hardback : acidfree paper)
040 ## - CATALOGING SOURCE
Original cataloging agency DLC
Language of cataloging eng
Description conventions rda
Transcribing agency DLC
Modifying agency DLC
041 1# - LANGUAGE CODE
Language code of text/sound track or separate title eng
Language code of original and/or intermediate translations of text ger
042 ## - AUTHENTICATION CODE
Authentication code pcc
050 00 - LIBRARY OF CONGRESS CALL NUMBER
Classification number D358
Item number .O8813 2014
082 00 - DEWEY DECIMAL CLASSIFICATION NUMBER
Classification number 909.81
Edition number 23
300 ## - PHYSICAL DESCRIPTION
Dimensions 24 cm.
100 1# - MAIN ENTRY--PERSONAL NAME
Personal name Osterhammel, Jürgen.
9 (RLIN) 43697
245 14 - TITLE STATEMENT
Title The transformation of the world :
Remainder of title a global history of the nineteenth century /
Statement of responsibility, etc Jurgen Osterhammel.
260 ## - PUBLICATION, DISTRIBUTION, ETC. (IMPRINT)
Place of publication, distribution, etc Princeton
Name of publisher, distributor, etc Princeton University Press
Date of publication, distribution, etc 2014
300 ## - PHYSICAL DESCRIPTION
Extent xxii, 1167 pages ;
490 0# - SERIES STATEMENT
Series statement America in the world
500 ## - GENERAL NOTE
General note "First published in Germany by C.H. Beck under the title Die Verwandlung der Welt, Verlag C.H. Beck oHG, Munchen 2009."
504 ## - BIBLIOGRAPHY, ETC. NOTE
Bibliography, etc Includes bibliographical references and indexes.
650 #0 - SUBJECT ADDED ENTRY--TOPICAL TERM
Topical term or geographic name as entry element History, Modern
Chronological subdivision 19th century.
9 (RLIN) 43698
856 42 - ELECTRONIC LOCATION AND ACCESS
Materials specified Book review (H-Net)
Uniform Resource Identifier <a href="http://www.h-net.org/reviews/showrev.php?id=42123">http://www.h-net.org/reviews/showrev.php?id=42123</a>
906 ## - LOCAL DATA ELEMENT F, LDF (RLIN)
a 7
b cbc
c orignew
d 1
e ecip
f 20
g y-gencatlg
942 ## - ADDED ENTRY ELEMENTS (KOHA)
Source of classification or shelving scheme Library of Congress Classification
Koha item type Monograph ( Printed materials)
Holdings
Withdrawn status Lost status Source of classification or shelving scheme Damaged status Not for loan Collection code Home library Current library Shelving location Date acquired Total Checkouts Full call number Barcode Date last seen Price effective from Koha item type
    Library of Congress Classification     Main Collection ARRUPE LIBRARY ARRUPE LIBRARY Main Collection 29/11/2018   D358 .O8813 2014 46600002693 29/11/2018 29/11/2018 Monograph ( Printed materials)

 

Arrupe Library. PO Box MP320 Mt Pleasant, Harare, Zimbabwe
263 242 745411|librarian@aju.ac.zw